000 00286nam a22001217a 4500
008 171020b xxu||||| |||| 00| 0 eng d
020 _a9780321011459
080 _23RD
_a338
100 _a54
101 _aMEN
245 _aMODERN INDUSTRIAL ORGANIZATION
_cCARLTON,D.W
942 _2udc
_cBK
999 _c35039
_d35039